Kanadské variácie očami Európana

Stručná charakteristika historicko-spoločenského vývoja Kanady. Hospodársky rast Kanady. Osobitosti podnikateľského správania sa. Provinčný šovinizmus. Kultúrne a historické pamiatky.

Salvato in:
Dettagli Bibliografici
Autore principale: Krajmerová, Eva
Natura: Capitolo di libro
Lingua:slovacco
Soggetti:
Tags: Aggiungi Tag
Nessun Tag, puoi essere il primo ad aggiungerne!!

MARC

LEADER 00000naa a2200000 4500
001 r041853
005 20230927092633.8
041 0 |a slo 
044 |a SK 
245 1 0 |a Kanadské variácie očami Európana  |c Eva Krajmerová 
520 |a Stručná charakteristika historicko-spoločenského vývoja Kanady. Hospodársky rast Kanady. Osobitosti podnikateľského správania sa. Provinčný šovinizmus. Kultúrne a historické pamiatky. 
610 2 0 |a vývoj hospodársky 
610 2 0 |a vývoj spoločenský 
610 2 0 |a Kanada 
610 2 0 |a história 
610 2 0 |a ukazovatele ekonomické 
610 2 0 |a podnikanie 
610 2 0 |a ruch cestovný 
610 2 0 |a geografia hospodárska 
100 1 |a Krajmerová, Eva